|
|
|
|
| LEADER |
00917nab a2200277 i 4500 |
| 001 |
publ36745 |
| 005 |
20250516084438.0 |
| 008 |
250516s2025 hu o 000 hun d |
| 022 |
|
|
|a 1217-372X
|
| 024 |
7 |
|
|a 10.24121/dh.2025.15
|2 doi
|
| 024 |
7 |
|
|a 36144451
|2 mtmt
|
| 040 |
|
|
|a SZTE Publicatio Repozitórium
|b hun
|
| 041 |
|
|
|a hun
|
| 100 |
1 |
|
|a Keller Nóra
|
| 245 |
1 |
2 |
|a A liraglutid szerepe az obezitással társult pitvarfibrilláció kezelésében
|h [elektronikus dokumentum] /
|c Keller Nóra
|
| 260 |
|
|
|c 2025
|
| 300 |
|
|
|a 117-127
|
| 490 |
0 |
|
|a DIABETOLOGIA HUNGARICA
|v 33 No. 2
|
| 650 |
|
4 |
|a Általános orvostudomány
|
| 650 |
|
4 |
|a Klinikai orvostan
|
| 700 |
0 |
1 |
|a Viola Réka
|e aut
|
| 700 |
0 |
1 |
|a Várkonyi Tamás
|e aut
|
| 700 |
0 |
1 |
|a Lengyel Csaba Attila
|e aut
|
| 700 |
0 |
1 |
|a Vágvölgyi Anna
|e aut
|
| 700 |
0 |
1 |
|a Vámos Máté
|e aut
|
| 856 |
4 |
0 |
|u http://publicatio.bibl.u-szeged.hu/36745/1/Keller.pdf
|z Dokumentum-elérés
|